[Event "Capital"]
[Site "?"]
[Date "2015.09.13"]
[Round "5.1"]
[White "Mosadeghpour, Masoud"]
[Black "Moradi, Amirmasoud"]
[Result "1-0"]
[BlackElo "2159"]
[WhiteElo "2416"]
[LiveChessVersion "1.4.6"]

1. Nf3 {[%clk 1:27:48]} d5 {[%clk 1:27:40]} 2. g3 {[%clk 1:28:10]} Nf6
{[%clk 1:26:26]} 3. Bg2 {[%clk 1:27:28]} Bg4 {[%clk 1:25:01]} 4. O-O
{[%clk 1:27:31]} Nbd7 {[%clk 1:24:31]} 5. c4 {[%clk 1:25:23]} e6 {[%clk 1:18:53]}
6. cxd5 {[%clk 1:22:30]} exd5 {[%clk 1:19:02]} 7. h3 {[%clk 1:22:53]} Bxf3
{[%clk 1:10:02]} 8. Bxf3 {[%clk 1:21:19]} c6 {[%clk 1:10:07]} 9. d4
{[%clk 1:15:34]} Bd6 {[%clk 1:07:28]} 10. Qb3 {[%clk 1:11:27]} Qc7
{[%clk 1:04:44]} 11. Qe3+ {[%clk 1:02:54]} Kf8 {[%clk 1:04:50]} 12. Nc3
{[%clk 1:00:19]} h6 {[%clk 0:52:34]} 13. Bd2 {[%clk 0:54:33]} g6 {[%clk 0:42:01]}
14. Rac1 {[%clk 0:52:16]} Qd8 {[%clk 0:40:02]} 15. Rfe1 {[%clk 0:38:02]} Nb6
{[%clk 0:35:46]} 16. b3 {[%clk 0:32:19]} Qd7 {[%clk 0:36:15]} 17. Kg2
{[%clk 0:30:15]} Bb4 {[%clk 0:24:41]} 18. Qd3 {[%clk 0:10:43]} Re8
{[%clk 0:23:33]} 19. Bf4 {[%clk 0:07:47]} Ne4 {[%clk 0:11:50]} 20. Bxe4
{[%clk 0:06:44]} dxe4 {[%clk 0:09:58]} 21. Nxe4 {[%clk 0:06:32]} Qf5
{[%clk 0:10:27]} 22. Be5 {[%clk 0:04:10]} Bxe1 {[%clk 0:06:51]} 23. Rxe1
{[%clk 0:02:20]} Nd7 {[%clk 0:02:18]} 24. f4 {[%clk 0:00:37]} f6 {[%clk 0:01:52]}
25. Nxf6 {[%clk 0:00:56]} Qxd3 {[%clk 0:01:02]} 26. Nxd7+ {[%clk 0:01:13]} Ke7
{[%clk 0:01:32]} 27. exd3 {[%clk 0:01:35]} Kxd7 {[%clk 0:02:01]} 28. d5
{[%clk 0:01:42]} cxd5 {[%clk 0:01:40]} 29. Kf3 {[%clk 0:01:03]} Rhf8
{[%clk 0:01:08]} 30. g4 {[%clk 0:01:29]} Rf7 {[%clk 0:01:19]} 31. Re2
{[%clk 0:00:59]} Kc6 {[%clk 0:01:01]} 32. Rc2+ {[%clk 0:00:56]} Kd7
{[%clk 0:00:46]} 33. Ke3 {[%clk 0:00:41]} Rc8 {[%clk 0:01:14]} 34. Re2
{[%clk 0:00:39]} Rc1 {[%clk 0:01:27]} 35. Kd4 {[%clk 0:01:02]} Rh1
{[%clk 0:01:15]} 36. Re3 {[%clk 0:00:51]} Kc6 {[%clk 0:01:12]} 37. b4
{[%clk 0:00:37]} Rb1 {[%clk 0:00:51]} 38. a3 {[%clk 0:00:50]} Rb3
{[%clk 0:00:35]} 39. Re2 {[%clk 0:01:11]} Rxa3 {[%clk 0:00:53]} 40. Rc2+
{[%clk 0:01:21]} Kd7 {[%clk 0:01:04]} 41. Rc5 {[%clk 0:01:17]} Ke6
{[%clk 0:00:49]} 42. Rc8 {[%clk 0:01:42]} Rb3 {[%clk 0:00:47]} 43. Rg8
{[%clk 0:00:54]} Rxb4+ {[%clk 0:00:35]} 44. Kc5 {[%clk 0:01:20]} Rb3
{[%clk 0:00:33]} 45. Rxg6+ {[%clk 0:01:43]} Kd7 {[%clk 0:00:58]} 46. Rd6+
{[%clk 0:01:42]} Kc8 {[%clk 0:00:57]} 47. Rxh6 {[%clk 0:02:04]} Rxd3 48. g5
{[%clk 0:02:24]} Kd7 {[%clk 0:00:38]} 49. g6 {[%clk 0:02:07]} b6+
{[%clk 0:00:41]} 50. Kb5 {[%clk 0:02:05]} Rf8 {[%clk 0:01:11]} 51. g7
{[%clk 0:02:00]} Rc8 {[%clk 0:00:43]} 52. Rh7 {[%clk 0:01:55]} a6+
{[%clk 0:00:39]} 53. Kxb6 {[%clk 0:01:37]} Rb3+ {[%clk 0:00:34]} 54. Ka5
{[%clk 0:01:04]} Ke6 {[%clk 0:00:32]} 55. Rh8 {[%clk 0:01:31]} 1-0

[Event "Capital"]
[Site "?"]
[Date "2015.09.13"]
[Round "5.2"]
[White "Pourghanbarzad Lashtnesha, Arm"]
[Black "Noroozi, Omid"]
[Result "1/2-1/2"]
[BlackElo "2375"]
[WhiteElo "2184"]
[LiveChessVersion "1.4.6"]

1. e4 {[%clk 1:27:26]} c5 {[%clk 1:25:12]} 2. c3 {[%clk 1:27:15]} Nf6
{[%clk 1:25:36]} 3. e5 {[%clk 1:27:27]} Nd5 {[%clk 1:26:02]} 4. d4
{[%clk 1:27:44]} cxd4 {[%clk 1:26:26]} 5. cxd4 {[%clk 1:28:10]} d6
{[%clk 1:24:05]} 6. Nf3 {[%clk 1:28:14]} Nc6 {[%clk 1:24:31]} 7. Bc4
{[%clk 1:28:18]} Nb6 {[%clk 1:24:51]} 8. Bb5 {[%clk 1:28:26]} dxe5
{[%clk 1:25:14]} 9. Nxe5 {[%clk 1:28:41]} Bd7 {[%clk 1:25:38]} 10. Nxd7
{[%clk 1:28:37]} Qxd7 {[%clk 1:26:07]} 11. Nc3 {[%clk 1:28:49]} e6
{[%clk 1:25:43]} 12. O-O {[%clk 1:29:01]} Rd8 {[%clk 1:25:55]} 13. Be3
{[%clk 1:28:36]} Be7 {[%clk 1:24:34]} 14. Qf3 {[%clk 1:26:18]} O-O
{[%clk 1:24:28]} 15. Rfd1 {[%clk 1:25:21]} a6 {[%clk 1:15:08]} 16. Bxc6
{[%clk 1:13:21]} bxc6 {[%clk 1:15:22]} 17. Rac1 {[%clk 1:13:37]} Nd5
{[%clk 1:15:16]} 18. Nxd5 {[%clk 1:12:51]} cxd5 {[%clk 1:15:36]} 19. Rc2
{[%clk 1:04:15]} Qa4 {[%clk 1:09:53]} 20. b3 {[%clk 1:03:22]} Qb5
{[%clk 1:10:21]} 21. Qg4 {[%clk 0:55:54]} Rc8 {[%clk 1:03:01]} 22. Rdc1
{[%clk 0:54:31]} Rxc2 {[%clk 1:03:20]} 23. Rxc2 {[%clk 0:54:54]} Qd3
{[%clk 1:03:09]} 24. Rc1 {[%clk 0:53:47]} Ba3 {[%clk 1:01:51]} 25. Rd1
{[%clk 0:51:22]} Qc2 {[%clk 0:53:30]} 26. Bh6 {[%clk 0:42:48]} Qg6
{[%clk 0:53:25]} 27. Qxg6 {[%clk 0:43:00]} hxg6 {[%clk 0:53:34]} 28. Bc1
{[%clk 0:43:22]} Bb4 {[%clk 0:52:37]} 29. Bb2 {[%clk 0:39:19]} Rc8
{[%clk 0:52:53]} 30. Rc1 {[%clk 0:39:40]} Rxc1+ {[%clk 0:53:18]} 31. Bxc1
{[%clk 0:40:03]} Bc3 {[%clk 0:53:00]} 32. Be3 {[%clk 0:34:59]} f6
{[%clk 0:53:28]} 33. f4 {[%clk 0:35:01]} Kf7 {[%clk 0:50:54]} 1/2-1/2

[Event "Capital"]
[Site "?"]
[Date "2015.09.13"]
[Round "5.3"]
[White "Fendereski, Nima"]
[Black "Rostami, Rouzbeh"]
[Result "1/2-1/2"]
[BlackElo "2075"]
[WhiteElo "2242"]
[LiveChessVersion "1.4.6"]

1. e4 c5 2. Nf3 Nc6 3. Bb5 d6 4. d4 cxd4 5. Qxd4 Bd7 6. Bxc6 Bxc6 7. Nc3 e5 8.
Qd3 h6 9. O-O Nf6 10. Rd1 Be7 11. Nh4 Bd7 12. Nf5 Bxf5 13. exf5 O-O 14. Ne4 Qd7
15. Nxf6+ Bxf6 16. Qe4 Rfd8 17. Rd5 Qc6 18. Be3 Rac8 19. c3 Qa6 20. Qd3 Qxd3 21.
Rxd3 d5 22. Bxa7 d4 23. cxd4 exd4 24. a3 Rd5 25. g4 Ra5 26. Bxd4 Rd5 27. Rad1
Rcd8 28. Bxf6 Rxd3 29. Rxd3 Rxd3 30. Bc3 f6 31. Kg2 Kf7 32. f3 h5 33. h4 hxg4 34.
fxg4 Ke7 35. h5 Kf7 36. Kh2 Rd6 37. Kg3 Kg8 38. g5 fxg5 39. Kg4 Rd1 40. Kxg5 Kh7
41. f6 Rd5+ 42. Kg4 gxf6 43. Bxf6 Kh6 44. Bc3 Rxh5 45. Kf3 Kg6 46. Ke3 Kf5 47.
Kd3 Ke6 48. Kc4 Kd6 49. Kb3 Kc6 50. Ka2 Kb5 51. Bg7 Kc4 52. Bc3 Kd3 53. Bg7 Kc2
54. Bf6 b5 55. Bc3 Rh3 56. Bd4 Rd3 57. Bc3 Rd7 58. Bb4 Rd3 59. Bc3 Rf3 60. Bb4
Rf1 61. Bc3 Rb1 62. Bd4 Re1 63. Bc3 Rd1 64. Bb4 Rd3 65. Bc3 Rxc3 66. bxc3 Kxc3
67. a4 bxa4 68. Ka3 1/2-1/2

[Event "Capital"]
[Site "?"]
[Date "2015.09.13"]
[Round "5.4"]
[White "Noori, Amir"]
[Black "Ghaem Maghami, Ehsan"]
[Result "0-1"]
[BlackElo "2596"]
[WhiteElo "2134"]
[LiveChessVersion "1.4.6"]

1. e4 {[%clk 1:30:30]} c5 {[%clk 1:10:39]} 2. Nc3 {[%clk 1:31:17]} a6
{[%clk 1:11:05]} 3. a4 {[%clk 1:29:38]} Nc6 {[%clk 1:10:35]} 4. Nge2
{[%clk 1:29:36]} Nf6 {[%clk 1:10:16]} 5. g3 {[%clk 1:29:37]} d5 {[%clk 1:10:02]}
6. exd5 {[%clk 1:29:42]} Nd4 {[%clk 1:08:34]} 7. Bg2 {[%clk 1:27:45]} Bg4
{[%clk 1:08:52]} 8. O-O {[%clk 1:28:06]} Nf3+ {[%clk 1:08:58]} 9. Kh1
{[%clk 1:27:53]} h5 {[%clk 1:09:22]} 10. Nf4 {[%clk 1:26:07]} Nxh2
{[%clk 1:09:23]} 11. f3 {[%clk 1:21:21]} Nxf1 {[%clk 1:09:40]} 12. Bxf1
{[%clk 1:21:49]} Bf5 {[%clk 1:09:36]} 13. d4 {[%clk 1:21:54]} cxd4
{[%clk 1:07:58]} 14. Qxd4 {[%clk 1:21:35]} Qd6 {[%clk 1:08:14]} 15. Bd2
{[%clk 1:12:19]} g5 {[%clk 1:03:45]} 16. Nb5 {[%clk 1:02:57]} axb5
{[%clk 1:02:22]} 17. Bxb5+ {[%clk 0:43:45]} Bd7 {[%clk 1:02:12]} 18. Bb4
{[%clk 0:43:40]} e5 {[%clk 1:01:42]} 19. Re1 {[%clk 0:43:55]} O-O-O
{[%clk 1:00:59]} 0-1

[Event "Capital"]
[Site "?"]
[Date "2015.09.13"]
[Round "5.5"]
[White "Ghorbani, Hadi"]
[Black "Bagheri, Maziar"]
[Result "1/2-1/2"]
[BlackElo "2252"]
[WhiteElo "2084"]
[LiveChessVersion "1.4.6"]

1. d4 {[%clk 1:29:57]} Nf6 {[%clk 1:30:49]} 2. c4 {[%clk 1:30:15]} g6
{[%clk 1:30:38]} 3. Nc3 {[%clk 1:30:10]} Bg7 {[%clk 1:30:36]} 4. e4
{[%clk 1:30:22]} d6 {[%clk 1:31:01]} 5. Nf3 {[%clk 1:30:44]} O-O {[%clk 1:31:22]}
6. Be2 {[%clk 1:31:10]} Bg4 {[%clk 1:28:49]} 7. Be3 {[%clk 1:30:42]} c6
{[%clk 1:23:41]} 8. Qd2 {[%clk 1:25:53]} Na6 {[%clk 1:22:47]} 9. Bh6
{[%clk 1:25:17]} Qa5 {[%clk 1:18:49]} 10. Bxg7 {[%clk 1:18:24]} Kxg7
{[%clk 1:19:11]} 11. O-O {[%clk 1:14:22]} e5 {[%clk 1:15:37]} 12. Rad1
{[%clk 1:13:34]} Bxf3 {[%clk 1:15:11]} 13. Bxf3 {[%clk 1:13:51]} Nc7
{[%clk 1:15:09]} 14. d5 {[%clk 1:09:09]} cxd5 {[%clk 1:14:14]} 15. cxd5
{[%clk 1:09:32]} Na6 {[%clk 1:07:37]} 16. g3 {[%clk 1:07:41]} Nc5
{[%clk 1:04:02]} 17. Bg2 {[%clk 1:07:34]} b5 {[%clk 1:03:31]} 18. a3
{[%clk 1:02:25]} Nb3 {[%clk 1:02:46]} 19. Qd3 {[%clk 1:02:29]} Rab8
{[%clk 1:01:13]} 20. Na2 {[%clk 1:00:47]} Nd4 {[%clk 1:00:04]} 21. Bh3
{[%clk 1:01:03]} Qb6 {[%clk 0:57:08]} 22. b4 {[%clk 1:00:12]} h5 {[%clk 0:55:49]}
23. Kg2 {[%clk 0:55:01]} a5 {[%clk 0:53:20]} 24. Rc1 {[%clk 0:54:17]} axb4
{[%clk 0:53:04]} 25. Nxb4 {[%clk 0:54:01]} Ra8 {[%clk 0:53:11]} 26. Rc3
{[%clk 0:54:10]} Ra4 {[%clk 0:50:45]} 27. Rfc1 {[%clk 0:48:18]} Rfa8
{[%clk 0:50:51]} 28. f3 {[%clk 0:48:05]} Rxb4 {[%clk 0:49:41]} 29. axb4
{[%clk 0:45:18]} Ra2+ {[%clk 0:49:23]} 30. Kh1 {[%clk 0:44:11]} Ne2
{[%clk 0:48:54]} 31. Rf1 {[%clk 0:41:23]} Nxc3 {[%clk 0:48:36]} 32. Qxc3
{[%clk 0:41:47]} h4 {[%clk 0:48:27]} 33. gxh4 {[%clk 0:41:34]} Rf2
{[%clk 0:44:53]} 34. Qe1 {[%clk 0:38:33]} Rc2 {[%clk 0:42:00]} 35. Bg4
{[%clk 0:33:59]} Qd4 {[%clk 0:41:13]} 36. h5 {[%clk 0:32:49]} Qd3
{[%clk 0:37:11]} 37. h3 {[%clk 0:27:52]} Re2 {[%clk 0:35:22]} 38. Qc1
{[%clk 0:27:18]} Rc2 {[%clk 0:31:59]} 39. Qe1 {[%clk 0:27:11]} gxh5
{[%clk 0:31:15]} 40. Bf5 {[%clk 0:26:45]} Kf8 {[%clk 0:31:40]} 41. Rf2
{[%clk 0:25:14]} Rc7 {[%clk 0:28:55]} 42. Qd2 {[%clk 0:21:51]} Qb1+
{[%clk 0:28:59]} 43. Kh2 {[%clk 0:21:13]} Rc1 {[%clk 0:29:13]} 44. Kg3
{[%clk 0:20:39]} Rd1 {[%clk 0:25:51]} 45. Qc3 {[%clk 0:19:27]} Rc1
{[%clk 0:22:45]} 46. Qd2 {[%clk 0:19:45]} Ke7 {[%clk 0:19:42]} 47. Kh4
{[%clk 0:18:53]} Rc4 {[%clk 0:19:30]} 48. Re2 {[%clk 0:15:02]} Qh1
{[%clk 0:14:06]} 49. Qe3 {[%clk 0:10:38]} Nxd5 {[%clk 0:13:06]} 50. Qa7+
{[%clk 0:08:40]} Rc7 {[%clk 0:12:55]} 51. Qb8 {[%clk 0:08:37]} Qxf3
{[%clk 0:08:09]} 52. exd5 {[%clk 0:07:43]} Rc4+ {[%clk 0:08:24]} 53. Re4
{[%clk 0:07:34]} Rxe4+ {[%clk 0:05:50]} 54. Bxe4 {[%clk 0:07:58]} Qxe4+
{[%clk 0:06:17]} 55. Kxh5 {[%clk 0:08:16]} Qg6+ {[%clk 0:05:16]} 56. Kh4
{[%clk 0:08:36]} f6 {[%clk 0:03:41]} 57. Qd8+ {[%clk 0:08:47]} Kf7
{[%clk 0:03:14]} 58. Qf8+ {[%clk 0:09:11]} Kxf8 1/2-1/2

[Event "Capital"]
[Site "?"]
[Date "2015.09.13"]
[Round "5.6"]
[White "Javani, Shahin"]
[Black "Sedaghati, Mehrdad"]
[Result "0-1"]
[BlackElo "2238"]
[WhiteElo "2100"]
[LiveChessVersion "1.4.6"]

1. d4 {[%clk 1:30:57]} Nf6 {[%clk 1:30:42]} 2. Nf3 {[%clk 1:30:22]} e6
{[%clk 1:30:52]} 3. g3 {[%clk 1:28:53]} d5 {[%clk 1:28:25]} 4. Bg2
{[%clk 1:29:05]} Be7 {[%clk 1:28:51]} 5. O-O {[%clk 1:29:28]} O-O
{[%clk 1:29:12]} 6. c4 {[%clk 1:20:23]} dxc4 {[%clk 1:28:50]} 7. Ne5
{[%clk 1:16:34]} Nd5 {[%clk 1:20:03]} 8. Nxc4 {[%clk 1:16:15]} b5
{[%clk 1:19:19]} 9. Ne5 {[%clk 1:08:15]} Bb7 {[%clk 1:19:37]} 10. a4
{[%clk 1:01:58]} b4 {[%clk 1:16:38]} 11. Qc2 {[%clk 0:59:59]} Bf6
{[%clk 0:57:03]} 12. e4 {[%clk 0:52:30]} Bxe5 {[%clk 0:51:49]} 13. dxe5 Ne7 14.
Be3 {[%clk 0:49:40]} Nd7 {[%clk 0:51:16]} 15. f4 {[%clk 0:49:13]} c5
{[%clk 0:50:38]} 16. Nd2 {[%clk 0:48:33]} Ba6 {[%clk 0:44:19]} 17. Nc4
{[%clk 0:45:43]} Nc6 {[%clk 0:42:57]} 18. Rfd1 {[%clk 0:45:52]} Qc7
{[%clk 0:43:03]} 19. b3 {[%clk 0:43:18]} Bxc4 {[%clk 0:40:37]} 20. Qxc4
{[%clk 0:42:07]} Na5 {[%clk 0:41:03]} 21. Qc2 {[%clk 0:38:24]} c4
{[%clk 0:29:05]} 22. bxc4 {[%clk 0:35:53]} Nc5 {[%clk 0:29:26]} 23. Rd6
{[%clk 0:23:26]} Rab8 {[%clk 0:29:11]} 24. f5 {[%clk 0:22:51]} b3
{[%clk 0:27:57]} 25. Qe2 {[%clk 0:22:26]} b2 {[%clk 0:23:12]} 26. Rb1
{[%clk 0:22:46]} Nxa4 {[%clk 0:23:26]} 27. f6 {[%clk 0:22:33]} g6
{[%clk 0:22:44]} 28. Bd4 {[%clk 0:21:22]} Nxc4 {[%clk 0:21:48]} 29. Ra6
{[%clk 0:19:17]} Na3 {[%clk 0:21:17]} 30. Rxb2 {[%clk 0:16:45]} Rxb2
{[%clk 0:08:10]} 31. Bxb2 {[%clk 0:16:57]} Nxb2 {[%clk 0:07:47]} 32. Qxb2
{[%clk 0:15:06]} Nc4 {[%clk 0:07:55]} 33. Qc1 {[%clk 0:14:24]} Qc5+
{[%clk 0:02:50]} 34. Kh1 {[%clk 0:14:53]} Rc8 {[%clk 0:03:19]} 35. Qh6
{[%clk 0:13:28]} Qf8 {[%clk 0:03:48]} 36. Qxf8+ {[%clk 0:13:24]} Kxf8
{[%clk 0:04:09]} 37. Rxa7 {[%clk 0:13:47]} Nxe5 {[%clk 0:04:26]} 38. h3
{[%clk 0:13:45]} h5 {[%clk 0:03:59]} 39. Bf1 {[%clk 0:11:14]} Kg8
{[%clk 0:04:04]} 40. Bb5 {[%clk 0:09:58]} Rc2 {[%clk 0:04:03]} 41. Kg1
{[%clk 0:09:44]} Rb2 {[%clk 0:01:57]} 42. Be8 {[%clk 0:09:27]} Rb8
{[%clk 0:02:13]} 43. Re7 {[%clk 0:08:46]} g5 {[%clk 0:01:21]} 44. Kf2
{[%clk 0:08:27]} Rb3 {[%clk 0:01:13]} 45. Ba4 {[%clk 0:05:29]} Rf3+
{[%clk 0:00:55]} 46. Kg2 {[%clk 0:05:59]} Rxf6 {[%clk 0:01:02]} 47. Bd1
{[%clk 0:06:21]} h4 {[%clk 0:01:12]} 48. Be2 {[%clk 0:06:39]} hxg3
{[%clk 0:01:22]} 49. Kxg3 {[%clk 0:07:08]} Rf4 {[%clk 0:01:51]} 50. Bh5
{[%clk 0:05:19]} Rxe4 {[%clk 0:01:52]} 51. Rc7 {[%clk 0:05:41]} Re3+ 52. Kg2 Kg7
{[%clk 0:01:43]} 53. Rc5 {[%clk 0:06:33]} Kh6 {[%clk 0:01:40]} 54. Bd1
{[%clk 0:06:13]} Nd3 {[%clk 0:01:27]} 55. Rc7 {[%clk 0:06:13]} Kg7
{[%clk 0:00:34]} 56. Bh5 {[%clk 0:06:36]} Ne5 {[%clk 0:00:41]} 57. Bd1
{[%clk 0:06:52]} Rd3 {[%clk 0:01:05]} 58. Be2 {[%clk 0:07:12]} Rd7
{[%clk 0:01:11]} 59. Rc5 Kf6 60. Kg3 {[%clk 0:07:52]} Ng6 {[%clk 0:01:55]} 61.
Bb5 {[%clk 0:08:09]} Rb7 {[%clk 0:01:37]} 62. Be8 {[%clk 0:08:29]} Rb3+
{[%clk 0:01:51]} 63. Kg4 {[%clk 0:08:49]} Ne5+ 0-1

[Event "Capital"]
[Site "?"]
[Date "2015.09.13"]
[Round "5.7"]
[White "Hakimifard, Ghazal"]
[Black "Abedi, Ali"]
[Result "1/2-1/2"]
[BlackElo "2137"]
[WhiteElo "2209"]
[LiveChessVersion "1.4.6"]

1. e4 {[%clk 1:30:58]} c5 {[%clk 1:31:00]} 2. Nf3 d6 3. d4 {[%clk 1:31:45]} cxd4
{[%clk 1:31:59]} 4. Nxd4 {[%clk 1:32:14]} Nf6 {[%clk 1:32:28]} 5. Nc3
{[%clk 1:32:35]} a6 {[%clk 1:32:58]} 6. h3 {[%clk 1:32:18]} e6 {[%clk 1:33:27]}
7. g4 {[%clk 1:32:28]} Be7 {[%clk 1:33:56]} 8. Bg2 {[%clk 1:32:43]} O-O
{[%clk 1:34:54]} 9. Be3 {[%clk 1:32:45]} Qc7 {[%clk 1:35:24]} 10. g5
{[%clk 1:22:50]} Nfd7 {[%clk 1:35:52]} 11. f4 {[%clk 1:21:08]} b5
{[%clk 1:36:21]} 12. O-O {[%clk 1:17:33]} Nb6 {[%clk 1:35:01]} 13. Kh1
{[%clk 1:11:04]} b4 {[%clk 1:34:12]} 14. Nce2 {[%clk 1:11:15]} Bb7
{[%clk 1:34:07]} 15. f5 {[%clk 1:06:31]} e5 {[%clk 1:34:07]} 16. f6
{[%clk 1:04:22]} exd4 {[%clk 1:33:46]} 17. fxe7 {[%clk 1:03:42]} Re8
{[%clk 1:32:54]} 18. Qxd4 {[%clk 1:00:30]} Nc4 {[%clk 1:33:22]} 19. Nf4
{[%clk 0:50:52]} Rxe7 {[%clk 1:31:09]} 20. Nh5 {[%clk 0:50:49]} Ne5
{[%clk 1:30:50]} 21. Qxb4 {[%clk 0:50:57]} Nbd7 {[%clk 1:30:44]} 22. Rae1
{[%clk 0:43:15]} Rae8 {[%clk 1:30:20]} 23. Bd4 {[%clk 0:38:47]} Nc5
{[%clk 1:29:13]} 24. Qd2 {[%clk 0:31:20]} Kh8 {[%clk 1:26:31]} 25. b3
{[%clk 0:30:31]} Qc8 {[%clk 1:23:29]} 26. Kh2 {[%clk 0:27:43]} Qc7
{[%clk 1:23:58]} 27. Kg1 {[%clk 0:27:01]} Rc8 {[%clk 1:19:38]} 28. c4
{[%clk 0:23:53]} Rg8 {[%clk 1:19:49]} 29. Kh1 {[%clk 0:18:06]} Qc8
{[%clk 1:20:00]} 30. Qc3 {[%clk 0:17:54]} Rge8 {[%clk 1:20:28]} 31. Re3
{[%clk 0:16:40]} Qc7 {[%clk 1:20:36]} 32. Nf4 {[%clk 0:14:35]} Ne6
{[%clk 1:19:25]} 33. Nd5 {[%clk 0:14:39]} Bxd5 {[%clk 1:19:53]} 34. exd5
{[%clk 0:15:06]} Nxd4 {[%clk 1:18:23]} 35. Qxd4 {[%clk 0:15:35]} Qa5
{[%clk 1:17:32]} 36. Rfe1 {[%clk 0:12:58]} Kg8 {[%clk 1:16:41]} 37. R1e2
{[%clk 0:11:16]} g6 {[%clk 1:17:07]} 38. Qc3 {[%clk 0:10:41]} Qa3
{[%clk 1:15:16]} 39. c5 {[%clk 0:09:07]} a5 {[%clk 1:13:50]} 40. c6
{[%clk 0:08:14]} a4 {[%clk 1:11:19]} 41. b4 {[%clk 0:04:48]} Qxc3 42. Rxc3 Nxc6
{[%clk 1:11:13]} 43. dxc6 {[%clk 0:05:47]} Rxe2 {[%clk 1:11:09]} 44. c7
{[%clk 0:06:16]} Rxa2 {[%clk 1:10:41]} 45. c8=Q {[%clk 0:06:15]} Rxc8
{[%clk 1:11:11]} 46. Rxc8+ {[%clk 0:06:43]} Kg7 {[%clk 1:11:40]} 47. Ra8
{[%clk 0:04:34]} a3 {[%clk 1:12:08]} 48. Bd5 {[%clk 0:04:00]} Rd2
{[%clk 1:10:31]} 49. Bb3 {[%clk 0:02:22]} Rd4 {[%clk 1:10:55]} 50. Ra4
{[%clk 0:02:09]} h6 {[%clk 1:10:28]} 51. gxh6+ {[%clk 0:02:04]} Kxh6
{[%clk 1:10:57]} 52. Bxf7 {[%clk 0:01:47]} Kg5 {[%clk 1:10:18]} 53. Ra5+
{[%clk 0:00:59]} Kf6 {[%clk 1:10:41]} 54. Bg8 {[%clk 0:00:47]} Rxb4
{[%clk 1:11:08]} 55. Rxa3 {[%clk 0:01:17]} Rd4 {[%clk 1:11:18]} 56. Kg2
{[%clk 0:01:41]} Kg7 {[%clk 1:11:28]} 57. Ba2 {[%clk 0:01:49]} Kh6
{[%clk 1:11:54]} 58. Kg3 {[%clk 0:02:16]} d5 {[%clk 1:11:52]} 59. Kf3
{[%clk 0:02:09]} Kg5 {[%clk 1:12:20]} 60. Bb1 {[%clk 0:00:52]} Kh4
{[%clk 1:10:06]} 61. Ke2 {[%clk 0:01:14]} g5 {[%clk 1:06:19]} 62. Bf5
{[%clk 0:01:24]} Rf4 {[%clk 1:06:21]} 63. Bg4 {[%clk 0:01:40]} Rb4
{[%clk 1:06:49]} 64. Rd3 {[%clk 0:01:30]} Re4+ {[%clk 1:06:17]} 65. Kf3
{[%clk 0:01:22]} Rf4+ {[%clk 1:04:29]} 66. Kg2 {[%clk 0:01:48]} Ra4
{[%clk 1:04:53]} 67. Rxd5 {[%clk 0:01:49]} Ra2+ {[%clk 1:05:03]} 68. Kf3
{[%clk 0:02:09]} Rf2+ {[%clk 1:05:26]} 69. Ke3 {[%clk 0:02:27]} Rf8
{[%clk 1:05:49]} 70. Re5 {[%clk 0:02:04]} Ra8 {[%clk 1:05:54]} 71. Ke4
{[%clk 0:01:52]} Rf8 {[%clk 1:06:02]} 72. Kd5 {[%clk 0:01:17]} Rf6
{[%clk 1:05:55]} 73. Rf5 {[%clk 0:01:12]} Ra6 {[%clk 1:06:16]} 74. Ke5
{[%clk 0:01:28]} Ra1 {[%clk 1:06:42]} 75. Kf6 {[%clk 0:01:50]} Ra8
{[%clk 1:05:32]} 76. Rd5 {[%clk 0:01:40]} Ra6+ {[%clk 1:05:21]} 77. Kf5
{[%clk 0:01:10]} Ra4 {[%clk 1:05:26]} 78. Rd7 {[%clk 0:01:03]} Ra5+
{[%clk 1:05:51]} 79. Kf6 {[%clk 0:01:15]} Ra6+ {[%clk 1:04:35]} 80. Kf5
{[%clk 0:00:55]} Ra5+ {[%clk 1:04:50]} 81. Ke4 {[%clk 0:01:20]} Ra4+
{[%clk 1:05:10]} 82. Rd4 {[%clk 0:01:37]} Ra8 {[%clk 1:05:04]} 83. Ke3
{[%clk 0:01:31]} Ra3+ {[%clk 1:05:27]} 84. Kf2 {[%clk 0:01:37]} Ra2+
{[%clk 1:05:28]} 85. Kg1 {[%clk 0:00:37]} Kg3 {[%clk 1:05:26]} 86. Rd3+
{[%clk 0:00:58]} Kh4 {[%clk 1:05:55]} 87. Rf3 {[%clk 0:01:09]} Ra1+
{[%clk 1:06:10]} 88. Rf1 {[%clk 0:00:58]} Ra2 {[%clk 1:06:39]} 89. Re1
{[%clk 0:00:58]} Rg2+ {[%clk 1:06:46]} 90. Kf1 {[%clk 0:01:25]} Rf2+
{[%clk 1:07:12]} 1/2-1/2

[Event "Capital"]
[Site "?"]
[Date "2015.09.13"]
[Round "5.8"]
[White "Najafiyan Pour, Mahyar"]
[Black "Ghaziolsharif, Kaveh"]
[Result "0-1"]
[BlackElo "2186"]
[WhiteElo "2068"]
[LiveChessVersion "1.4.6"]

1. d4 {[%clk 1:29:14]} Nf6 {[%clk 1:30:14]} 2. Nf3 {[%clk 1:28:58]} g6
{[%clk 1:30:05]} 3. Bg5 {[%clk 1:28:42]} Bg7 {[%clk 1:28:58]} 4. Nbd2
{[%clk 1:27:33]} d6 {[%clk 1:24:35]} 5. c3 {[%clk 1:23:07]} h6 {[%clk 1:07:19]}
6. Bh4 {[%clk 1:22:09]} g5 {[%clk 1:07:32]} 7. Bg3 {[%clk 1:22:34]} Nh5
{[%clk 1:07:53]} 8. e4 {[%clk 1:17:53]} Nxg3 {[%clk 1:05:04]} 9. hxg3
{[%clk 1:17:11]} e6 {[%clk 1:05:04]} 10. Be2 {[%clk 1:01:35]} Qe7
{[%clk 0:53:10]} 11. Nh2 {[%clk 0:53:57]} Nd7 {[%clk 0:47:56]} 12. Qa4
{[%clk 0:49:49]} a6 {[%clk 0:35:54]} 13. Ng4 {[%clk 0:45:59]} Rb8
{[%clk 0:29:15]} 14. Qc2 {[%clk 0:45:39]} c5 {[%clk 0:27:25]} 15. dxc5
{[%clk 0:44:25]} Nxc5 {[%clk 0:27:29]} 16. a4 {[%clk 0:38:08]} d5
{[%clk 0:18:34]} 17. e5 {[%clk 0:29:25]} h5 {[%clk 0:16:49]} 18. Nf6+
{[%clk 0:29:26]} Bxf6 {[%clk 0:17:16]} 19. exf6 {[%clk 0:29:53]} Qxf6
{[%clk 0:17:30]} 20. Rxh5 {[%clk 0:29:06]} Rxh5 {[%clk 0:16:09]} 21. Bxh5
{[%clk 0:29:32]} e5 {[%clk 0:15:47]} 22. g4 {[%clk 0:26:34]} e4 {[%clk 0:15:26]}
23. O-O-O {[%clk 0:25:10]} Bd7 {[%clk 0:13:19]} 24. f3 {[%clk 0:23:59]} Bxa4
{[%clk 0:08:27]} 25. b3 {[%clk 0:24:15]} Rc8 {[%clk 0:08:35]} 26. bxa4
{[%clk 0:19:07]} Nd3+ {[%clk 0:08:55]} 27. Kb1 {[%clk 0:19:33]} Rxc3
{[%clk 0:09:16]} 28. Qa2 {[%clk 0:19:59]} Qb6+ {[%clk 0:09:37]} 29. Ka1
{[%clk 0:20:20]} Qd4 {[%clk 0:09:51]} 0-1